000 00608nam a22002297a 4500
001 000516
003 DO-SdBNP
005 20180126134600.0
007 000516
008 160921b 1998 nyu ||||| |||| 00| 0 spa d
020 _a 0590371347
040 _aBPMSU
_bspa
_cBPMSU
100 1 _aShreve, Susan
245 1 0 _aJonah, the whale /
_cSusan Shreve.
260 _aNew York :
_bScholastic
_c1998.
300 _a110 p. ;
_c19 cm.
490 1 _aApple signature
830 0 _aApple signature
942 _2ddc
_cBK
945 _aInventariado, 2018 / BT
956 _2LOPEREZ
_310
_620160921
_8BPMSU
_a00041
999 _c11469
_d11469